000 00374nam a2200145Ia 4500
008 230917s9999||||xx |||||||||||||| ||und||
040 _e95602
_aMAIN
041 _aEnglish
082 _a784.4 T543K
100 _aTiwari, Jyoti
245 0 _aKumoani lok geet tatha sangeet shastriya privesh
260 _aNew Delhi
_bKanishka
_c2002
300 _axvi, 240 p.
942 _cBK
999 _c113360
_d113360